Công nông ngư cụ và đồ sông nước Kiến Giang - Nhật Lệ

Vài nét khái quát về lịch sử địa lý và cộng đồng dân tộc ở 2 huyện Kiến Giang và Nhật Lệ. Tìm hiểu về phương tiện và các loại công cụ như nông cụ, ngư cụ, lâm cụ và công cụ các nghề thủ công khác của 2 huyện....

Disgrifiad llawn

Wedi'i Gadw mewn:
Manylion Llyfryddiaeth
Prif Awdur: Đỗ, Duy Văn
Fformat: Llyfr
Iaith:Undetermined
Cyhoeddwyd: Hà Nội Thời đại 2014
Pynciau:
Tagiau: Ychwanegu Tag
Dim Tagiau, Byddwch y cyntaf i dagio'r cofnod hwn!
Thư viện lưu trữ: Trung tâm Học liệu Trường Đại học Cần Thơ
LEADER 00988nam a2200205Ia 4500
001 CTU_209826
008 210402s9999 xx 000 0 und d
082 |a 680.09597 
082 |b V115 
100 |a Đỗ, Duy Văn 
245 0 |a Công nông ngư cụ và đồ sông nước Kiến Giang - Nhật Lệ 
245 0 |c Đỗ Duy Văn 
260 |a Hà Nội 
260 |b Thời đại 
260 |c 2014 
520 |a Vài nét khái quát về lịch sử địa lý và cộng đồng dân tộc ở 2 huyện Kiến Giang và Nhật Lệ. Tìm hiểu về phương tiện và các loại công cụ như nông cụ, ngư cụ, lâm cụ và công cụ các nghề thủ công khác của 2 huyện. 
650 |a Nghề thủ công,Handicraft industries 
650 |z Việt Nam,Vietnam 
904 |i Trần Thị Yến Nhi,Hải 
980 |a Trung tâm Học liệu Trường Đại học Cần Thơ